000 00482nam a2200217Ia 4500
003 OSt
005 20221005122537.0
006 a|||||r|||| 00| 0
007 ta
008 ORI
024 _a27498
037 _cTextual
040 _aCRL
_cCRL
_bORI
041 _2ORI
_aORI
082 _aNT44, 1591L2
100 _aPatnaik B.
_9214449
245 0 _aKala baishakhi
260 _c1972
942 _hNT44, 1591L2
_cTEXL
_2cc
999 _c1044605
_d1044605